Countries that have Controlled Corsica - Statistics

General Stats
  • This quiz has been taken 43 times
  • The average score is 9 of 20
Answer Stats
Years Country % Correct
1553 - 1558 France
100%
1769 - 1939 France
100%
1944 - Now France
100%
855 - 962 Italy
92%
1755 - 1769 Corsica
67%
1285 - 1553 Genoa
67%
1558 - 1755 Genoa
67%
220BC - 395 Roman Republic
62%
395 - 456 West Roman Empire
54%
534 - 724 Byzantine Empire
51%
270BC - 242BC Carthage
38%
962 - 1077 Holy Roman Empire
38%
1077 - 1285 Pisa
36%
1940 - 1944 Vichy France
28%
724 - 774 Lombardy
10%
844 - 855 Middle Francia
5%
456 - 534 Vandal Kingdom
5%
774 - 776 Francia
3%
788 - 844 Francia
3%
671BC - 550BC Ancient Greece
0%
No matching quizzes found
Score Distribution
Percent of People with Each Score
Percentile by Number Answered
Your Score History
You have not taken this quiz